Politics of defection: a study of state politics in India (Record no. 371406)

000 -LEADER
fixed length control field 00459cam a22001337a 4500
008 - FIXED-LENGTH DATA ELEMENTS--GENERAL INFORMATION
fixed length control field 180718b1969 xxu||||| |||| 00| 0 eng d
082 ## - DEWEY DECIMAL CLASSIFICATION NUMBER
Classification number F5x54 K151
100 ## - MAIN ENTRY--PERSONAL NAME
Personal name Kashyap, Subhash C.
245 ## - TITLE STATEMENT
Title Politics of defection: a study of state politics in India
Statement of responsibility, etc. by Subhash C. Kashyap
260 ## - PUBLICATION, DISTRIBUTION, ETC.
Place of publication, distribution, etc. Delhi
Name of publisher, distributor, etc. National
Date of publication, distribution, etc. 1969
300 ## - PHYSICAL DESCRIPTION
Extent 442p.
500 ## - GENERAL NOTE
General note Under auspices of Institute of Constitutional and Parliamentary Studies
650 ## - SUBJECT ADDED ENTRY--TOPICAL TERM
Topical term or geographic name entry element State governments --India
Holdings
Withdrawn status Lost status Damaged status Not for loan Permanent Location Current Location Date acquired Full call number Barcode Date last seen Price effective from Koha item type
        Indian Institute of Public Administration Indian Institute of Public Administration 2009-10-20 F5x54 K151 43590 2018-07-21 2018-07-21 Book
        Indian Institute of Public Administration Indian Institute of Public Administration 1994-06-10 F5x54 K151 43238 2018-07-21 2018-07-21 Book

Powered by Koha